000
00328nam a2200133Ia 4500
008
100328s9999 xx 000 0 und d
082
_b
67789
100
_a
रानडे माधव.
245
_a
तहान.
260
_b
अजिंक्य.
630
_a
तहान.
730
_a
तहान.
942
_c
BOOK
999
_c
553528
_d
553525